SCP-001 - Statistics

General Stats
  • This quiz has been taken 64 times
    17 since last reset
  • The average score is 22 of 61
Answer Stats
Hint Answer % Correct
Dr. Clef The Gate Guardian
80%
Lily The World's Gone Beautiful
80%
Jonathan Ball Sheaf of Papers
70%
S. Andrew Swan The Database
70%
Bright The Factory
70%
Scantron The Foundation
70%
Dr. Gears The Prototype
70%
Tufto The Scarlet King
70%
S. D. Locke When Day Breaks
70%
I.H. Pickman/S. D. Locke Keter Duty
60%
Dr. Mann The Spiral Path
60%
The Great Hippo (feat. PeppersGhost) A Good Boy
50%
Liz The GM A Simple Toymaker
50%
WJS Normalcy
50%
djkaktus/TwistedGears Ouroboros
50%
TwistedGears-Kaktus Proposal THE BROKEN GOD
50%
djkaktus's Proposal I The Children
50%
McDoctorate The Placeholder
50%
Kate McTiriss A Record
40%
Spike Brennan God's Blind Spot
40%
Nagiros R ¦ A ¦ G ¦ E
40%
Tanhony II The Black Moon
40%
Dr. Mackenzie The Legacy
40%
qntm The Lock
40%
Djoric/Dmatix Thirty-Six
40%
Noir Box Tindalos Trinity
40%
Arbelict You Are The Anomaly, Tumor Of The Worlds
40%
djkaktus's Proposal II ATONEMENT
30%
Dr Cimmerian's Proposal Ethical considerations with regards to the former inhabitants of 81 Galatine Two and Secace Epsilon Seven, colloquially known as the Sword Stars.
30%
D. Ulysses Foole Last Ride of the Day
30%
ROUNDERHOUSE's Jade Proposal MAMJUL & KORAR
30%
weizhong|thedeadlymoose|Drewbear|Dexanote Project Palisade
30%
Wrong The Consensus
30%
Dafydd Utica Foolfellow's Proposal [the] [HUMAN!] [element?]
30%
Ralliston The Queen's Gambit
30%
not_a_seagul The Sky Above the Port
30%
Nico's Proposal The Throne of God
30%
djkaltus's Proposal III THE WAY IT ENDS
30%
ROUNDERHOUSE's Gold Proposal AMONI-RAM
20%
Calibold/HarryBlank/Nico Arsène Lupin and the Foundation Affair
20%
DarkStuff's Proposal Atychiphobia (Family Life)
20%
ROUNDERHOUSE's Bone Proposal BLACK ADYTUM
20%
Tanhony Dead Men
20%
Nico's Proposal II Exit Stage Left
20%
Pedantique Fishhook
20%
ROUNDERHOUSE Memento Mori
20%
Captain Kirby O5-13
20%
I.H. Pickman Story of Your Life
20%
Harmony II The Conspiracy
20%
Pickman/Blank The Frontispiece
20%
Plague's Proposal The Ones That Got Away
20%
Null Sum The Problem
20%
Metaphysician/Karpin The Stillborn City
20%
BILLITH The World at Large
20%
Ori's Proposal Touching Eternity
20%
Daoud Ewen Fullerton's Proposal You've Been Awfully Quiet
20%
Yoshihide A Portrait Of Hell
10%
Dr. Eates A Test of Character
10%
Kalinin Past and Future
10%
psul The Mementos
10%
Meta Ike The Solution
10%
No matching quizzes found
Score Distribution
Percent of People with Each Score
Percentile by Number Answered
Your Score History
You have not taken this quiz since the last reset